| 000 | 02365nam0a2200385 4500 | ||
|---|---|---|---|
| 001 | RU\NLR\bibl\42312 | ||
| 005 | 20260406205339.0 | ||
| 010 |
_a5-86911-225-7 _9150 |
||
| 021 |
_aRU _b99-21132 _91030 |
||
| 035 | _a(NLR Aleph) 000041239 | ||
| 090 |
_a215705 _c215705 |
||
| 100 | _a19990809d1999 |||y0rusy50 ca | ||
| 101 | 0 | _arus | |
| 102 | _aRU | ||
| 105 | _ay ||||||||| | ||
| 200 | 1 |
_aНаучно-технический и научно-образовательный комплексы региона: проблемы и перспективы развития _eМатериалы науч.-практ. конф., [19-20 нояб. 1998 г.] _f[Редкол.: ... Ширяев Л.А. (науч. ред.)] |
|
| 210 |
_aУфа _cУфим. гос. авиац. техн. ун-т _d1999 |
||
| 215 |
_a255 с. _d20 |
||
| 300 | _aВ надзаг.: Гос. ком. Респ. Башкортостан по науке, высш. и сред. проф. образованию, Акад. наук Респ. Башкортостан, Уфим. гос. авиац. техн. ун-т | ||
| 606 | 1 |
_aОбразование _jСборники _yБашкортостан, Республика _92302221 _3RU\NLR\AUTH\661378276 |
|
| 606 | 0 |
_aНародное образование _jСборники _yБашкортостан, Республика _92082253 _3RU\NLR\auth\661258272 |
|
| 606 | 0 |
_aНародное образование _jСъезды, совещания и т.п. _yБашкортостан, Республика _92082253 _3RU\NLR\auth\661258272 |
|
| 606 | 0 |
_aНаука _jСборники _yБашкортостан, Республика _92102840 _3RU\NLR\auth\661271588 |
|
| 606 | 0 |
_aНаука _jСъезды, совещания и т.п. _yБашкортостан, Республика _92102840 _3RU\NLR\auth\661271588 |
|
| 686 | 1 | _aЧ34(2Р-6Баш) | |
| 686 | 1 | _aЧ214(2Р-6Б)я431 | |
| 702 | 1 |
_aШиряев _bЛ. А. _4340 |
|
| 712 | 0 | 1 |
_4570 _aРеспублика Башкортостан _bКомитет по науке, высшему и среднему профессиональному образованию _3RU\NLR\AUTH\889965923 _9428138 |
| 801 | 0 |
_aRU _bNLR _c19990809 _gPSBO |
|
| 801 | 1 |
_aRU _bNLR _c19990809 |
|
| 852 |
_aNLR _j99-3/8704 |
||
| 942 | _cBOOK | ||
| 980 | _aNB | ||